A summary of current motor statistics- Jan. - Dec. 1977 / (Record no. 23741)

MARC details
000 -LEADER
fixed length control field 00784nam a2200193Ia 4500
008 - FIXED-LENGTH DATA ELEMENTS--GENERAL INFORMATION
fixed length control field 210303s9999 xx 000 0 und d
016 ## - NATIONAL BIBLIOGRAPHIC AGENCY CONTROL NUMBER
Source reto2022b
040 ## - CATALOGING SOURCE
Original cataloging agency NLN
Language of cataloging English
Description conventions AACR2
110 ## - MAIN ENTRY--CORPORATE NAME
Corporate name or jurisdiction name as entry element OGUN State (Nigeria) Ministry of Finance and Economic Development Statistics Division.
245 #2 - TITLE STATEMENT
Title A summary of current motor statistics- Jan. - Dec. 1977 /
Statement of responsibility, etc Ogun State (Nigeria), Ministry of Finance and Economic Development. Statistics Division.
260 ## - PUBLICATION, DISTRIBUTION, ETC. (IMPRINT)
Place of publication Akure :
Name of publisher Statistics Division, Ministry of Finance and Economic Development,
Date of publication (1978?)
300 ## - COLLATION
Pagination V. ;
Other physical details 33cm
563 ## - BINDING INFORMATION
Binding note (pbk)
650 ## - TRACINGS
Main Subject Motor vehicles
Subdivision (1st) Nigeria (Ogun State)
Subdivision (2nd) Statistics
-- Periodicals
942 ## - ADDED ENTRY ELEMENTS (KOHA)
Item type Books
050 ## - LIBRARY OF CONGRESS CALL NUMBER
Classification number HE5707.7
Item number .O35
082 ## - DEWEY DECIMAL CLASSIFICATION NUMBER
Classification number 354.6692
Holdings
Source of classification or shelving scheme Not for loan Home library Current library Date acquired Full call number Barcode. Koha item type
Library of Congress Classification   LAGOS BRANCH National Library of Nigeria 04/03/2021 HE5707.7 .O35 2024-555555551000750 Books

National Library of Nigeria OPAC is powered by Koha